Villes du Doubs en images - Statistiques

Statistiques générales
  • Ce quiz a été pris 138 fois
  • Le résultat moyen est 7 sur 18
Statistiques - réponses
Par images Hint Réponse % Correct
S Sochaux
87%
B Besançon
86%
P Pontarlier
77%
A Arc-et-Senans
68%
M Montbéliard
63%
O Ornans
61%
M Mouthe
44%
M Morteau
40%
A Audincourt
30%
M Maîche
27%
M Malbuisson
24%
M Mandeure
24%
V Villers-le-Lac
23%
V Valdahon
20%
L Lods
17%
C Cléron
14%
L L'Isle-sur-le-Doubs
14%
M Montbenoît
7%
Aucun quiz correspondant
Distribution des résultats
% des personnes avec chaque résultat
Percentile par nombre de réponses
Votre historique - résultats
Vous n’avez pas pris ce quiz